| 000 | 01199nam a22003135a 4500 | ||
|---|---|---|---|
| 006 | a||||f ||z| 00| 0 | ||
| 008 | 110706t2008 maua|||fr|||| 001 0 eng d | ||
| 010 | _a 2008271057 | ||
| 020 | _a0123736994 (hbk.) | ||
| 020 | _a9780123736994 (hbk.) | ||
| 035 | _a(OCoLC)ocn166624871 | ||
| 040 |
_aEG-ScBuE _beng _cEG-ScBuE |
||
| 082 | 0 | 4 |
_a332.6722 _bGAT _222 |
| 100 | 1 |
_aGatti, Stefano, _926186 |
|
| 245 | 1 | 0 |
_aProject Finance in Theory and Practice : _bDesigning, Structuring, and Financing Private and Public Projects / _cStefano Gatti. |
| 260 |
_aBurlington : _bAcademic Press, _cc.2008. |
||
| 300 |
_axxi, 414 p. : _bill. ; _c27 cm. + _e1 CD-ROM (4 3/4 in.) |
||
| 490 | _aAcademic Press advanced finance series | ||
| 500 | _aGlossary : p. 379-393. | ||
| 500 | _aIndex : p. 401-414. | ||
| 504 | _aBibliography : p. 395-399. | ||
| 590 | _ayassmeen ashraf | ||
| 650 | 0 |
_aPublic works _xFinance. _926188 _2BUEsh |
|
| 650 | 0 |
_aConstruction industry _xCapital investments. _926189 _2BUEsh |
|
| 651 | _2BUEsh | ||
| 653 |
_bBUSECO _cAugust2015 |
||
| 856 | 4 | 2 |
_3Publisher description _uhttp://www.loc.gov/catdir/enhancements/fy0811/2008271057-d.html |
| 942 |
_cBB _k332.6722 GAT _2ddc |
||
| 999 |
_c8650 _d8650 |
||